Countries With Multiple U’s - Statistics

General Stats
  • This quiz has been taken 19 times
  • The average score is 5 of 8
Answer Stats
Country % Correct
Uruguay
82%
Guinea-Bissau
71%
Papua New Guinea
71%
Tuvalu
71%
Equatorial Guinea
59%
Burundi
47%
Nauru
47%
Luxembourg
29%
No matching quizzes found
Score Distribution
Percent of People with Each Score
Percentile by Number Answered
Your Score History
You have not taken this quiz